| 000 | 00615cam a22002291 4500 | ||
|---|---|---|---|
| 999 |
_c9928 _d9928 |
||
| 001 | 10319256 | ||
| 003 | OSt | ||
| 005 | 20210205145528.0 | ||
| 008 | 750521s1963 tnu 000 0beng | ||
| 010 | _a 63017522 | ||
| 035 | _a(OCoLC)1348811 | ||
| 040 |
_aDLC _cFO _dOCoLC _dDLC |
||
| 050 | 0 | 0 |
_aBV3427.W3 _bF612B |
| 082 | _bF612B | ||
| 100 | 1 | _aFletcher, Jesse C. | |
| 245 | 1 | 0 | _aBill Wallace of China. |
| 260 |
_aNashville, Tenn., _bBroadman Press _c[1963] |
||
| 300 |
_a157 p. _c22 cm. |
||
| 600 | 1 | 0 |
_aWallace, William L. _d1908-1951. |
| 906 |
_a7 _bcbc _coclcrpl _du _encip _f19 _gy-gencatlg |
||
| 942 |
_2ddc _cBK |
||